000 01525cam a2200133 4500500
005 20251214002715.0
041 _afre
042 _adc
100 1 0 _aYun, Ji-Yu
_eauthor
245 0 0 _aHANGEUL : Lire, écrire, comprendre et prononcer le coréen en s'amusant : Lire, écrire, comprendre et prononcer le coréen en s'amusant
260 _bArmand Colin,
_c2020.
520 _aPour vous qui commencez l’étude du coréen, ou qui désirez plus simplement découvrir cette langue, l’apprentissage de l’écriture Hangeul et la prononciation sont des passages obligés. Ce manuel d’initiation et d’exercices offre toutes les explications nécessaires à la maîtrise de l’écriture et de la prononciation coréennes. Après une première partie théorique, vous serez invité à mettre vos acquis en pratique dans le cadre de situations typiques d’écriture. Vous pourrez ainsi vous entraîner à employer du vocabulaire et des expressions du quotidien pour vous présenter, demander votre chemin ou rédiger des cartes postales. Le tableau d’étude du Hangeul vous aidera à prononcer et à mémoriser consonnes et voyelles en vous appuyant sur la romanisation. Détachable, il vous accompagnera partout pour des révisions en un clin d’œil. Retrouvez aussi des feuilles d’écriture en fin d’ouvrage pour vous entraîner à loisir. Les fichiers MP3 de tous les textes sont téléchargeables en ligne.
856 4 1 _uhttps://shs.cairn.info/hangeul--9782200629335?lang=fr&redirect-ssocas=7080
999 _c1567355
_d1567355